Statistics for NFL: Current Raiders Roster (2020 53 Man Roster)

Click here to take the quiz!

General Stats

  • This quiz has been taken 247 times
    (24 since last reset)
  • The average score is 8 of 53

Answer Stats

Hint Answer % Correct
QBDerek Carr
100%
QBMarcus Mariota
79%
QBNathan Peterman
53%
RBJosh Jacobs
53%
TEDarren Waller
53%
WRHenry Ruggs III
47%
WRTyrell Williams
37%
WRHunter Renfrow
37%
CRodney Hudson
37%
LTTrent Brown
32%
RBJalen Richard
32%
LBCory Littleton
32%
KDaniel Carlson
26%
CBDamon Arnette
26%
DEMaxx Crosby
21%
RBDevontae Booker
21%
CBLamarcus Joyner
16%
SJohnathan Abram
11%
CBTrayvon Mullen
11%
DEClelin Ferrell
11%
WRNelson Agholor
11%
FBAlec Ingold
5%
TEDerek Carrier
5%
SErik Harris
5%
CBIsaiah Johnson
5%
CBNevin Lawson
5%
WRBryan Edwards
5%
LBTanner Muse
5%
LBNicholas Morrow
5%
LSTrent Sieg
5%
RGGabe Jackson
5%
DECarl Nassib
5%
LGDenzelle Good
5%
DEArden Key
5%
TEFoster Moreau
5%
RT/LTKolton Miller
5%
PAJ Cole
0%
LTAndre James
0%
SDallin Leavet
0%
LGRichie Incgonito
0%
SJeff Heath
0%
CBAmik Robertson
0%
DTKendel Vickers
0%
CBKeison Nixon
0%
DTMaliek Collins
0%
RT/LTBrandon Parker
0%
LBRaekwon Mikmillan
0%
WRRico Gafford
0%
LBNick Kwiatkowski
0%
DTJohnathan Hankins
0%
DTDaniel Ross
0%
DTMaurice Hurst
0%
RGJohn Simpson
0%

Score Distribution

Percentile by Number Answered

Percent of People with Each Score

Your Score History

You have not taken this quiz since the last reset